000
00285nam a2200097Ia 4500
001
795297
005
20250826170725.0
008
250824s9999 xx 000 0 und d
245
0
_a
TANRI NIN SAVAŞÇILARI SELAHADDİN EYYUBİ VE KRAL RICHARD
_c
JAMES RESTON,JR.
260
_b
PANAMA YAYINLARI
999
_c
795297
_d
795297